Basketteurs français ayant joué en NBA - Statistiques

Statistiques générales
  • Ce quiz a été pris 5 208 fois
    4 452 depuis la dernière actualisation
  • Le résultat moyen est 18 sur 39
Statistiques - réponses
Prénom Année de draft Réponse % Correct
Tony 2001 Parker
97%
Rudy 2012 Gobert
93%
Evan 2012 Fournier
88%
Joakim 2007 Noah
85%
Nando 2009 De Colo
82%
Boris 2003 Diaw
81%
Killian 2020 Hayes
77%
Guerschon 2016 Yabusele
75%
Nicolas 2008 Batum
70%
Théo 2020 Maledon
66%
Elie 2018 Okobo
65%
Frank 2017 Ntilikina
58%
Sekou 2019 Doumbouya
55%
Vincent 2015 (non drafté) Poirier
55%
Joffrey 2013 Lauvergne
48%
Ronny 2005 Turiaf
48%
Olivier 2021 (non drafté) Sarr
47%
Timothé 2016 Luwawu-Cabarrot
46%
Kevin 2010 Séraphin
43%
Mickaël 2003 Piétrus
42%
Rodrigue 2009 Beaubois
40%
Mickaël 2005 Gelabale
40%
Yves 2021 (non drafté) Pons
40%
Alexis 2008 Ajinça
35%
Ian 2005 Mahinmi
35%
Axel 2014 (non drafté) Toupane
35%
Joël 2021 (non drafté) Ayayi
32%
Petr 2016 Cornelie
31%
Jaylen 2019 (non drafté) Hoard
27%
Killian 2020 (non drafté) Tillie
26%
Antoine 1993 (non drafté) Rigaudeau
24%
Tariq 1997 Abdul-Wahad
21%
Damien 2014 Inglis
19%
Yakhouba 2005 (non drafté) Diawara
17%
Johan 2005 Petro
16%
Adam 2019 (non drafté) Mokoka
15%
William 2015 (non drafté) Howard
14%
Pape 2010 Sy
13%
Jérome 2000 Moïso
10%
Aucun quiz correspondant
Distribution des résultats
% des personnes avec chaque résultat
Percentile par nombre de réponses
Votre historique - résultats
Vous n’avez pas pris ce quiz depuis la dernière actualisation